Tang lễ của người Nùng Giang ở Cao Bằng

Tìm hiểu nghi thức tổ chức tang lễ của người Nùng Giang ở Cao Bằng như: thủ tục khâm liệm, đón thầy Tào, nhập quan, nghi thức và nghi lễ tang, trình tự lễ hành tang và một số lễ cúng trong vòng tang...

Cijeli opis

Spremljeno u:
Bibliografski detalji
Glavni autor: Triệu, Thị Mai
Format: Knjiga
Jezik:Undetermined
Izdano: Hà Nội Văn hóa Thông tin 2011
Teme:
Oznake: Dodaj oznaku
Bez oznaka, Budi prvi tko označuje ovaj zapis!
Thư viện lưu trữ: Trung tâm Học liệu Trường Đại học Cần Thơ
LEADER 00905nam a2200193Ia 4500
001 CTU_186251
008 210402s9999 xx 000 0 und d
082 |a 393.9309597 
082 |b M103 
100 |a Triệu, Thị Mai 
245 0 |a Tang lễ của người Nùng Giang ở Cao Bằng 
245 0 |c Triệu Thị Mai 
260 |a Hà Nội 
260 |b Văn hóa Thông tin 
260 |c 2011 
520 |a Tìm hiểu nghi thức tổ chức tang lễ của người Nùng Giang ở Cao Bằng như: thủ tục khâm liệm, đón thầy Tào, nhập quan, nghi thức và nghi lễ tang, trình tự lễ hành tang và một số lễ cúng trong vòng tang 
650 |a Funeral rites and ceremonies,Nghi thức tang lễ và nghi lễ 
910 |a Hải 
980 |a Trung tâm Học liệu Trường Đại học Cần Thơ